000 00346 a2200169 4500
001 191960
020 _a978-85-249-2156-8
040 _cMagnum
100 _aCaruso, Carla
240 1 0 _aSono de bicho
_lpor
245 1 0 _aSono de bicho
300 _a31
362 0 _a2014
440 1 _aCortez
697 _aLITERATURA INFANTIL
942 _cBK
999 _c191960
_d191960